00442ntaaa2200157 45000030003000000050017000030080021000200400037000410820017000781000023000952450035001182500055001533000010002085000051002186500015002690120251027201607.00714s1973 ag 01  aAR-BaBNbspacAR-BaBNeaacrdRIC a230.0000 T82 aTulga, Chester E.  aCase Against the Social Gospel a1 ed. : bConservative Baptist Fellowship, cc1949 a64 p. a"Study in the social theology of the prophets" aTeología